Holy laughter; (Record no. 131549)
[ view plain ]
| 000 -LEADER | |
|---|---|
| fixed length control field | 01516cam a2200265 4500 |
| 001 - CONTROL NUMBER | |
| control field | 292245 |
| 003 - CONTROL NUMBER IDENTIFIER | |
| control field | ARRUPE |
| 005 - DATE AND TIME OF LATEST TRANSACTION | |
| control field | 20221121114100.0 |
| 008 - FIXED-LENGTH DATA ELEMENTS--GENERAL INFORMATION | |
| fixed length control field | 691006s1969 nyu b 000 0 eng |
| 010 ## - LIBRARY OF CONGRESS CONTROL NUMBER | |
| LC control number | 70084978 |
| 028 ## - PUBLISHER NUMBER | |
| Source | Arrupe |
| 040 ## - CATALOGING SOURCE | |
| Original cataloging agency | DLC |
| Transcribing agency | DLC |
| Modifying agency | DLC |
| 050 00 - LIBRARY OF CONGRESS CALL NUMBER | |
| Classification number | PN6149.M6 |
| Item number | H9 |
| 082 00 - DEWEY DECIMAL CLASSIFICATION NUMBER | |
| Classification number | 202/.07 |
| 300 ## - PHYSICAL DESCRIPTION | |
| Dimensions | 22 cm. |
| 100 1# - MAIN ENTRY--PERSONAL NAME | |
| Personal name | Hyers, M. Conrad, |
| Relator term | comp. |
| 9 (RLIN) | 51883 |
| 245 10 - TITLE STATEMENT | |
| Title | Holy laughter; |
| Remainder of title | essays on religion in the comic perspective, |
| Statement of responsibility, etc | edited by M. Conrad Hyers. |
| 260 ## - PUBLICATION, DISTRIBUTION, ETC. (IMPRINT) | |
| Place of publication, distribution, etc | New York, |
| Name of publisher, distributor, etc | Seabury Press |
| Date of publication, distribution, etc | [1969] |
| 300 ## - PHYSICAL DESCRIPTION | |
| Extent | vi, 264 p. |
| 350 ## - PRICE (NR) (BK AM CF MU VM SE) [OBSOLETE] | |
| Price | 6.95 |
| 504 ## - BIBLIOGRAPHY, ETC. NOTE | |
| Bibliography, etc | Includes bibliographical references. |
| 505 0# - FORMATTED CONTENTS NOTE | |
| Formatted contents note | The comic profanation of the sacred, by M. C. Hyers.--The humanity of comedy, by W. F. Lynch.--The bias of comedy and the narrow escape into faith, by N. A. Scott, Jr.--The clown as the lord of disorder, by W. M. Zucker.--The clown in contemporary art, by S. H. Miller.--The rhetoric of Christian comedy, by B. Ulanov.--Christian faith and the social comedy, by P. L. Berger.--Humour and faith, by R. Niebuhr.--The traditional roots of Jewish humour, by I. Knox.--The humour of Christ, by E. Trueblood.--Eutrapelia: A forgotten virtue, by H. Rahner.--Zen humour, by R. H. Blyth.--The dialectic of the sacred and the comic, by M. C. Hyers.--On being with it: An afterword, by C. Walsh.--Appendix: Christian sobriety, by R. Barclay. |
| 650 #0 - SUBJECT ADDED ENTRY--TOPICAL TERM | |
| Topical term or geographic name as entry element | Wit and humor |
| General subdivision | Religious aspects. |
| 9 (RLIN) | 51884 |
| 906 ## - LOCAL DATA ELEMENT F, LDF (RLIN) | |
| a | 7 |
| b | cbc |
| c | orignew |
| d | u |
| e | ncip |
| f | 19 |
| g | y-gencatlg |
| 942 ## - ADDED ENTRY ELEMENTS (KOHA) | |
| Source of classification or shelving scheme | Library of Congress Classification |
| Koha item type | Monograph ( Printed materials) |
| Withdrawn status | Lost status | Source of classification or shelving scheme | Damaged status | Not for loan | Home library | Current library | Shelving location | Date acquired | Total Checkouts | Full call number | Barcode | Date last seen | Price effective from | Koha item type |
|---|---|---|---|---|---|---|---|---|---|---|---|---|---|---|
| Library of Congress Classification | ARRUPE LIBRARY | ARRUPE LIBRARY | Main Collection | 21/11/2022 | PN6149.M6 H9 | 46700000099 | 21/11/2022 | 21/11/2022 | Monograph ( Printed materials) |